000 00759nam a2200277Ia 4500
001 Para_9563
003 CHAP
008 220125s2008 xx 000 0 und d
010 _a208237
040 _cCHAP
082 _a860.3 C4
100 _aCervantes Saavedra, Miguel de
_9133599
245 _aEl ingenioso hidalgo Don Quijote de la Mancha /
_c por Miguel de Cervantes Saavedra
260 _aMéxico, D.F. :
_b Epoca
300 _a654 p.
440 _aNuevo talento
_9143070
650 _aLiteratura española
_967124
650 _aNovela española
_982018
901 _a860.3 C4
902 _aM
905 _a0000002008 0000000000 00
910 _a2008
942 _cPARA
942 _cPARA
_d1
999 _c208237
_d208237